| 000 | 00859nam a2200217 a 4500 | ||
|---|---|---|---|
| 001 | BRCA_2928 | ||
| 005 | 20190320204031.0 | ||
| 008 | 151208s1941----sp-a---###---#000-0#spa-u | ||
| 050 | 4 |
_aF1232 _b.L34 1941 |
|
| 100 | 1 |
_aLafuente Ferrari, Enrique _92561 |
|
| 245 | 1 | 0 |
_aEl virrey Iturrigaray y los orígenes de la independencia de Méjico _cEnrique Lafuente Ferrari ; prol. de Antonio Ballesteros Beretta. |
| 260 |
_aMadrid _bConsejo Superior de Investigaciones Científicas, Instituto Gonzalo Fernández de Oviedo _c1941 |
||
| 300 |
_a450 p. _bil., xxxvii láminas _c25 cm. |
||
| 500 | _aIncluye índice de materias e índice de ilustraciones. | ||
| 500 | _aB56 | ||
| 600 | 1 | 4 |
_aIturrigaray y Arostegui, José de _d1742-1815 _98149 |
| 651 | 4 |
_aMéxico _xHistoria _9614 |
|
| 700 | 1 |
_aBallesteros Beretta, Antonio _eprol _98150 |
|
| 902 | _aGFM | ||
| 942 |
_2lcc _cB |
||
| 999 |
_c2667 _d2667 |
||